书目信息 |
| 题名: |
教师走基层日记
|
|
| 作者: | 黎志强 主编 | |
| 分册: | 第一组 | |
| 出版信息: | 北京 中国文史出版社 2014 |
|
| 页数: | 197页 | |
| 开本: | 23cm | |
| 丛书名: | ||
| 单 册: | ||
| 中图分类: | I267.5 | |
| 科图分类: | ||
| 主题词: | 日记--作品集--中国--当代 | |
| 电子资源: | ||
| ISBN: | 978-7-5034-4555-2 | |
| 000 | 00828nam0 2200229 450 | |
| 001 | 012015000126 | |
| 005 | 20151210164053.93 | |
| 010 | @a978-7-5034-4555-2@dCNY35.00 | |
| 100 | @a20141124d2014 em y0chiy50 ea | |
| 101 | 0 | @achi |
| 102 | @aCN@b110000 | |
| 105 | @aa z 000cy | |
| 106 | @ar | |
| 200 | 1 | @a教师走基层日记@Ajiao shi zou ji ceng ri ji@h第一组@f黎志强主编 |
| 210 | @a北京@c中国文史出版社@d2014 | |
| 215 | @a197页@c图,照片@d23cm | |
| 330 | @a本书主要内容包括:《农村是一所大学校:景君学老师日记》、《无知害己 妄说误人:张铁军老师日记》、《认认真真做事 踏踏实实做人:苟颖萍老师日记》、《丰富阅历 增长见识:卫东老师日记》。 | |
| 606 | 0 | @a日记@x作品集@y中国@z当代 |
| 690 | @aI267.5@v5 | |
| 701 | 0 | @a黎志强@Ali zhi qiang@f(1961-)@4主编 |
| 801 | 0 | @aCN@b碧洲教育@c20151129 |
| 905 | @a10447@f3@dI267.5@e1729:1 | |
| 教师走基层日记.第一组/黎志强主编.-北京:中国文史出版社,2014 |
| 197页:图,照片;23cm |
| ISBN 978-7-5034-4555-2:CNY35.00 |
| 本书主要内容包括:《农村是一所大学校:景君学老师日记》、《无知害己 妄说误人:张铁军老师日记》、《认认真真做事 踏踏实实做人:苟颖萍老师日记》、《丰富阅历 增长见识:卫东老师日记》。 |
| ● |
| 相关链接 |
|
|
|
|
正题名:教师走基层日记
索取号:I267.5/1729:1
 
预约/预借
| 序号 | 登录号 | 条形码 | 馆藏地/架位号 | 状态 | 备注 |
| 1 | 0872070 | 208720703 | 第一样本阅览室/ [索取号:I267.5/1729:1] | 在馆 | |
| 2 | 0872071 | 208720712 | 教育系资料室/ [索取号:I267.5/1729:1] | 在馆 | |
| 3 | 0872072 | 208720721 | 教育系资料室/ [索取号:I267.5/1729:1] | 在馆 |